000 00562nam a2200205Ia 4500
005 20250923145151.0
008 008 250917s9999 xx 000 0 eng d
037 _aTextual
040 _aDSWL
_beng
_cDSWL
041 _aeng
_2eng
084 _qDSWL
100 _aGhose, Sankar
_9832459
245 0 _aRenaissance to Militant Nationalism in India
_cby Sankar Ghose
260 _aBombay
_bAllied Publiers Pvt. Ltd.
_c1969
300 _axiv,482p.
365 _aINR
_b25.00
925 _g25.00
942 _cTEXL
999 _c1447979
_d1447979